| 000 | 00454nam a22001457a 4500 | ||
|---|---|---|---|
| 090 | _c10126 | ||
| 008 | 080824t xxu||||| |||| 00| 0 eng d | ||
| 020 | _a185479631 | ||
| 082 |
_221 _a 621.3815 _bGUP |
||
| 100 |
_9213 _aGupta, J.B. |
||
| 245 |
_aA Course In Electronic And Electrical Measurements And Instrumentation / _cJ.B. Gupta. |
||
| 300 |
_a1205, 85, 38, 24p: _bill; _c23cm. |
||
| 650 |
_9215 _a Electronic instruments --Testing. |
||
| 942 |
_2ddc _cBB |
||
| 999 |
_c10126 _d10126 |
||